000
00346pam a2200157a 44500
008
230515b2007 xxu||||| |||| 00| 0 eng d
020
_a
NULL
041
_a
ENGLISH
082
_a
541.2 DAS
100
_a
DAS BRAJA M
245
_a
THEORETICAL FOUNDATION ENGINEERING
250
_a
1
260
_a
_b
NA
_c
2007
300
_a
440
650
_a
NULL
999
_c
639897
_d
639897